000 01431nam a22003857a 4500
003 CHAP
005 20220329143331.0
008 080911s2007 mx a r 00010 spa d
010 _a95111
011 _a96083
035 _a106724
040 _cCHAP
090 _aTesis
100 0 _aCandia Aranda, Ana María.
_918334
245 1 0 _aInocuidad alimentaria y riesgos químicos en guayaba Psidium guajava L. en Calvillo, Aguascalientes
_c/por Ana María Candia Aranda
260 _aChapingo, Méx. :
_bEl autor,
_c2007
300 _axvi, 91 h. :
_bilus. ; cuadros
502 _aTesis (M.C. en Protección Vegetal) -- UACH. Departamento de Parasitología Agrícola
590 _aALEPH
_b10
_c20130110
_lUCH01
_h1523
590 _aBATCH-UPD
_b10
_c20130110
_lUCH01
_h0005
590 _aBATCH-UPD
_b10
_c20130110
_lUCH01
_h0738
590 _aBATCH-UPD
_b10
_c20130410
_lUCH01
_h0420
590 _aBATCH-UPD
_b10
_c20130914
_lUCH01
_h0832
590 _aCONVERSION
_b10
_c20130109
_lUCH01
_h1353
650 0 4 _aGuayaba
_xAguascalientes.
_951039
650 1 4 _aGuayaba.
_951037
650 1 4 _aGuayaba
_xEmpaque.
_951048
650 1 4 _aInocuidad alimentaria.
_958836
650 1 4 _aSalud pública.
_9101813
650 1 4 _aSanidad vegetal.
_9102224
901 _aBK
942 _cFOLL
949 _aTesis
_bBC
_cTES
_d33724002068728
_eTS1
_gDonaciØn
_h47990
_i106724
_sb
949 _aTesis
_bBC
_cTES
_d33724002068769
_eTS2
_fc.2
_gDonaciØn
_h147991
_i106724
_si
999 _c95111
_d95111